000 00398 a2200121 4500
001 ART_14821
005 20260410161914.0
008 260409a
245 1 0 _aDisequilibrium dynamics with inventories and anticipatory price-setting
100 1 _aLaffont, Jean-Jacques
700 1 _aGreen, Jerry R.
773 0 _tEuropean economic review
_g- Vol. 16, NÂș 1 (may. 1981)
_wREV13346
999 _c27054
_d27054